| 000 | 00000nam 2200000za 4500 |
| 001 | 9.841352 |
| 003 | CaOODSP |
| 005 | 20221107152051 |
| 007 | cr ||||||||||| |
| 008 | 170809s2012 onca |o f|0| 0 fre d |
| 040 | |aCaOODSP|bfre |
| 043 | |an-cn--- |
| 086 | 1 |aIu81-3/8-2012F-PDF |
| 245 | 00|aSécurité des produits de consommation au Canada |h[ressource électronique] : |bguide des solutions de normalisation et d’évaluation de la conformité à l’intention des fabricants, importateurs et vendeurs. |
| 260 | |a[Ottawa] : |bConseil canadien des normes, |c2012. |
| 300 | |a26 p. : |bill. |
| 500 | |aPubli. aussi en anglais sous le titre : Consumer product safety in Canada: a guide to standards and conformity assessment options for manufacturers, importers and sellers. |
| 500 | |aTitre de la couv. |
| 500 | |a« Septembre 2012. » |
| 520 | |a« Le présent guide permet au lecteur de comprendre en général les normes et les pratiques d'évaluation de la conformité et, plus particulièrement, le rôle qu'elles jouent en ce qui a trait à la sécurité des produits de consommation. »--But du document, p. 5 |
| 692 | 07|2gccst|aNorme |
| 692 | 07|2gccst|aProduit de consommation |
| 692 | 07|2gccst|aProtection du consommateur |
| 710 | 2 |aConseil canadien des normes. |
| 775 | 08|tConsumer product safety in Canada |w(CaOODSP)9.841351 |
| 856 | 40|qPDF|s5.76 Mo|uhttps://publications.gc.ca/collections/collection_2017/ccn-scc/Iu81-3-8-2012-fra.pdf |